000 00685nam a2200265Ia 4500
001 26255
005 20240114000916.0
007 ta
008 170810s1373 ii a g b000 u be u
040 _aCotton College Assam
041 _abe
082 _a100
_bC 349 D
100 _aChakravarti, Nerode Baran .
245 0 _aDarshaner Bhumika /
_cNerode Baran Chakravarti.
_hTextual Documents
250 _a3rd ed. /
260 _aCalcutta :
_bA.Mukherji & Co. ,
_c1373.
300 _a291p. :
_bill ;
_c22cm .
653 _aPhilosophy
653 _aG-Philosophy
942 _2ddc
_cBK
999 _c26237
_d26237